[Event "Pardubice Czech op-E 33rd"]
[Site "Pardubice"]
[Date "2022.07.17"]
[Round "6.2"]
[White "Pychova, Nela"]
[Black "Neuman, Petr"]
[Result "1/2-1/2"]
[WhiteElo "2075"]
[BlackElo "2378"]
[PlyCount "78"]
[EventDate "2022.07.14"]
[EventType "team-swiss"]
[EventRounds "7"]
[EventCountry "CZE"]
[SourceTitle "CBM 209 Extra"]
[Source "ChessBase"]
[SourceDate "2022.09.30"]
[SourceVersion "1"]
[SourceVersionDate "2022.09.30"]
[SourceQuality "1"]
[WhiteTeam "Vlasim Spartak"]
[BlackTeam "Kolesovice Cesky Lev"]
[WhiteTeamCountry "CZE"]
[BlackTeamCountry "CZE"]

1. c4 Nf6 2. Nf3 g6 3. g3 Bg7 4. Bg2 0-0 5. 0-0 d6 6. Nc3 c6 7. Rb1 e5 8. d3 h6 9. b4 Be6 10. b5 Nbd7 11. bxc6 bxc6 12. Qa4 Qc7 13. Ba3 Rfc8 14. Rfc1 Ne8 15. Nd2 a5 16. Nd5 Qd8 17. Nc3 Nb6 18. Qc2 Nd7 19. Qa4 Ra6 20. Qc2 f5 21. Na4 h5 22. Rb7 h4 23. Rcb1 hxg3 24. hxg3 Bf8 25. Qb2 Bh6 26. Nf1 Rc7 27. Rxc7 Qxc7 28. Qb7 Qxb7 29. Rxb7 d5 30. Ne3 Nef6 31. cxd5 cxd5 32. Nxd5 Nxd5 33. Bxd5 Bxd5 34. Rxd7 Bxa2 35. Rd8+ Kf7 36. Rd7+ Kg8 37. Rd8+ Kf7 38. Rd7+ Kg8 39. Rd8+ Kf7 1/2-1/2

[Event "Pardubice Czech op-E 31st"]
[Site "Pardubice"]
[Date "2020.09.19"]
[Round "4.4"]
[White "Pychova, Nela"]
[Black "Pulpan, Jakub"]
[Result "0-1"]
[WhiteElo "2159"]
[BlackElo "2414"]
[PlyCount "96"]
[EventDate "2020.09.17"]
[EventType "team-swiss"]
[EventRounds "7"]
[EventCountry "CZE"]
[SourceTitle "CBM 198 Extra"]
[Source "ChessBase"]
[SourceDate "2020.11.30"]
[SourceVersion "1"]
[SourceVersionDate "2020.11.30"]
[SourceQuality "1"]
[WhiteTeam "Brno Moravska Slavia"]
[BlackTeam "Stay Positive"]
[WhiteTeamCountry "CZE"]
[BlackTeamCountry "CZE"]

1. c4 e6 2. Nf3 Nf6 3. g3 a6 4. Bg2 b5 5. cxb5 axb5 6. Nd4 Ra5 7. Nb3 Ra7 8. d4 Bb7 9. 0-0 Bxg2 10. Kxg2 Be7 11. Qd3 b4 12. f3 0-0 13. Be3 d5 14. Rc1 Nbd7 15. a4 bxa3 16. Nxa3 Nb6 17. Nc5 Qa8 18. Rab1 c6 19. Bf2 Rb8 20. g4 Na4 21. Nxa4 Rxa4 22. Nc2 Nd7 23. b3 Ra2 24. Qc3 Qa6 25. Re1 Qb5 26. Kf1 Bd6 27. Ra1 Rxa1 28. Rxa1 Bxh2 29. Ra7 Nf8 30. Ra5 Qb7 31. Rc5 Rc8 32. b4 Bd6 33. Ra5 Nd7 34. Be1 Nb6 35. Ne3 Bf4 36. Ng2 Bg5 37. Qa1 Nc4 38. Ra7 Qb8 39. Qa6 Rf8 40. Kg1 e5 41. Rb7 Qe8 42. Bf2 exd4 43. f4 Qxe2 44. fxg5 d3 45. Be1 Ne3 46. Nxe3 Qxe1+ 47. Kg2 Qe2+ 48. Kh1 Qxe3 0-1

[Event "CZE-chT1W 1920"]
[Site "Czech Republic"]
[Date "2020.02.16"]
[Round "8.4"]
[White "Kulhanek, Tomas"]
[Black "Pychova, Nela"]
[Result "1/2-1/2"]
[WhiteElo "2343"]
[BlackElo "2178"]
[PlyCount "69"]
[EventDate "2019.10.20"]
[EventType "team-tourn"]
[EventRounds "11"]
[EventCountry "CZE"]
[SourceTitle "CBM 195 Extra"]
[Source "ChessBase"]
[SourceDate "2020.05.31"]
[SourceVersion "1"]
[SourceVersionDate "2020.05.31"]
[SourceQuality "1"]
[WhiteTeam "Praha DP EA Hotels"]
[BlackTeam "Vlasim Spartak"]
[WhiteTeamCountry "CZE"]
[BlackTeamCountry "CZE"]

1. e4 c5 2. Nf3 Nc6 3. Bb5 g6 4. Bxc6 dxc6 5. d3 Bg7 6. h3 e5 7. Nbd2 Qe7 8. Nc4 b5 9. Na5 Qc7 10. Bd2 Nf6 11. Nb3 Nd7 12. 0-0 a5 13. Be3 Bf8 14. a4 c4 15. Nc1 Ba6 16. d4 Bg7 17. Qd2 0-0 18. Bh6 Rfe8 19. Bxg7 Kxg7 20. Ne2 b4 21. c3 c5 22. d5 Qd6 23. Ng3 Qf6 24. Rfe1 Nb6 25. Qe3 Rac8 26. Ne2 Rc7 27. Nh2 Bc8 28. Ng4 Bxg4 29. hxg4 h6 30. f3 Nc8 31. Kf2 Qg5 32. Rh1 Qxe3+ 33. Kxe3 Nd6 34. Rh2 Rcc8 35. g3 1/2-1/2

[Event "Wch U20 Girls 37th"]
[Site "New Delhi"]
[Date "2019.10.23"]
[Round "9"]
[White "Bhagyashree, Patil"]
[Black "Pychova, Nela"]
[Result "1/2-1/2"]
[WhiteElo "1802"]
[BlackElo "2178"]
[PlyCount "70"]
[EventDate "2019.10.15"]
[EventType "swiss"]
[EventRounds "11"]
[EventCountry "IND"]
[SourceTitle "CBM 192 Extra"]
[Source "Chessbase"]
[SourceDate "2019.11.06"]
[SourceVersion "1"]
[SourceVersionDate "2019.11.06"]
[SourceQuality "1"]

1. e4 c6 2. d4 d5 3. exd5 cxd5 4. Bd3 g6 5. Ne2 Bf5 6. 0-0 Nf6 7. Ng3 Bxd3 8. Qxd3 Bg7 9. Nd2 0-0 10. Nf3 Nc6 11. Bf4 Rc8 12. c3 a6 13. Rac1 b5 14. b4 Qb6 15. Nd2 Rfe8 16. Rfe1 Nd7 17. Be3 Qb8 18. Nb3 e5 19. Ne2 e4 20. Qb1 Nd8 21. Nc5 Qa7 22. Rc2 Nb6 23. Bc1 f5 24. a4 Nc4 25. Ra2 Qb6 26. axb5 axb5 27. Bf4 Nc6 28. Ra6 Qd8 29. Qc1 Bf6 30. Bh6 Qe7 31. Nf4 Qf7 32. Nh3 Nb8 33. Ra2 Nc6 34. Ra6 Nb8 35. Ra2 Nc6 1/2-1/2

[Event "Wch U20 Girls 37th"]
[Site "New Delhi"]
[Date "2019.10.18"]
[Round "5"]
[White "Pandey, Srishti"]
[Black "Pychova, Nela"]
[Result "1-0"]
[WhiteElo "1963"]
[BlackElo "2178"]
[PlyCount "171"]
[EventDate "2019.10.15"]
[EventType "swiss"]
[EventRounds "11"]
[EventCountry "IND"]
[SourceTitle "CBM 192 Extra"]
[Source "Chessbase"]
[SourceDate "2019.11.06"]
[SourceVersion "1"]
[SourceVersionDate "2019.11.06"]
[SourceQuality "1"]

1. Nf3 Nf6 2. g3 b5 3. Na3 a6 4. c4 b4 5. Nc2 c5 6. Bg2 Bb7 7. 0-0 e6 8. d3 Be7 9. e4 d6 10. Nfe1 Qb6 11. f4 Nc6 12. Be3 0-0 13. g4 Nd7 14. g5 Qd8 15. Qg4 f5 16. exf5 exf5 17. Bd5+ Kh8 18. Qh3 Nb6 19. Bf3 Na5 20. Bd2 g6 21. a3 Bxf3 22. Nxf3 Nb3 23. axb4 Nxa1 24. Rxa1 Kg8 25. bxc5 dxc5 26. Ne5 Bd6 27. Bc3 Bxe5 28. Bxe5 Qd7 29. Qe3 Qc6 30. b4 Nd7 31. bxc5 Qxc5 32. Bd4 Qc7 33. Qe6+ Rf7 34. Be3 Nf8 35. Qb6 Qxb6 36. Bxb6 Ne6 37. Be3 Rc7 38. Nb4 a5 39. Nd5 Rb7 40. Ra3 Kf7 41. c5 Rb1+ 42. Kf2 Rb2+ 43. Kg3 Rc2 44. Nb6 Rd8 45. Nc4 Ke7 46. Nxa5 Rc8 47. d4 Nc7 48. Nc6+ Kd7 49. Nb4 Rb2 50. Nd3 Rb1 51. Kf2 Ke6 52. Nc1 Rcb8 53. Ne2 R8b2 54. Kf3 Re1 55. Nc3 Rxh2 56. d5+ Kd7 57. Bd4 Rh3+ 58. Kf2 Reh1 59. c6+ Ke7 60. Ra7 R1h2+ 61. Kf1 Rh1+ 62. Ke2 R1h2+ 63. Ke1 Rh1+ 64. Kd2 R1h2+ 65. Kc1 Kd6 66. Be5+ Kc5 67. Rxc7 Kc4 68. Ra7 Rh1+ 69. Kd2 Rd3+ 70. Ke2 Rh2+ 71. Ke1 Re3+ 72. Kf1 Rf3+ 73. Kg1 Rff2 74. Rxh7 Rhg2+ 75. Kh1 Rg4 76. Ne4 Rf1+ 77. Kh2 fxe4 78. c7 Kd3 79. c8Q Rf2+ 80. Kh3 Rgg2 81. Qc3+ Ke2 82. Qc2+ Ke3 83. Qc1+ Ke2 84. Qh1 Kf3 85. Ra7 e3 86. Ra3 1-0

[Event "Wch U20 Girls 37th"]
[Site "New Delhi"]
[Date "2019.10.17"]
[Round "3"]
[White "Lakshmi, Chidambaram"]
[Black "Pychova, Nela"]
[Result "1/2-1/2"]
[WhiteElo "1859"]
[BlackElo "2178"]
[PlyCount "75"]
[EventDate "2019.10.15"]
[EventType "swiss"]
[EventRounds "11"]
[EventCountry "IND"]
[SourceTitle "CBM 192 Extra"]
[Source "Chessbase"]
[SourceDate "2019.11.06"]
[SourceVersion "1"]
[SourceVersionDate "2019.11.06"]
[SourceQuality "1"]

1. e4 c5 2. Nf3 d6 3. d4 cxd4 4. Nxd4 Nf6 5. Nc3 a6 6. a4 Qc7 7. Be2 b6 8. 0-0 Bb7 9. Bf3 Nbd7 10. Nd5 Nxd5 11. exd5 Nf6 12. Nf5 h6 13. Ra3 g6 14. Ne3 Bg7 15. c4 0-0 16. Be2 Bc8 17. f4 Qc5 18. Qe1 a5 19. Kh1 Ne4 20. Bd3 f5 21. Nc2 Ba6 22. b3 Nf6 23. Be3 Qc7 24. Nd4 Bc8 25. h3 Bd7 26. Ra2 Rae8 27. Bg1 e5 28. dxe6 Bc8 29. Re2 Re7 30. g4 Bb7+ 31. Kh2 Be4 32. Bxe4 fxe4 33. f5 gxf5 34. Rxf5 d5+ 35. Kh1 dxc4 36. Rc2 Qb7 37. Rxc4 e3+ 38. Kh2 1/2-1/2

[Event "Wch U20 Girls 37th"]
[Site "New Delhi"]
[Date "2019.10.16"]
[Round "2"]
[White "Pychova, Nela"]
[Black "Wagner, Dinara"]
[Result "0-1"]
[WhiteElo "2178"]
[BlackElo "2335"]
[PlyCount "114"]
[EventDate "2019.10.15"]
[EventType "swiss"]
[EventRounds "11"]
[EventCountry "IND"]
[SourceTitle "CBM 192 Extra"]
[Source "Chessbase"]
[SourceDate "2019.11.06"]
[SourceVersion "1"]
[SourceVersionDate "2019.11.06"]
[SourceQuality "1"]

1. e4 c5 2. Nc3 e6 3. d4 cxd4 4. Qxd4 Nc6 5. Qd2 Nf6 6. g3 a6 7. Bg2 Qc7 8. Nge2 b5 9. 0-0 Bb7 10. a3 Be7 11. h3 0-0 12. Qd1 Rfd8 13. f4 d5 14. e5 Bc5+ 15. Kh2 Nd7 16. Qe1 Rac8 17. g4 b4 18. Na4 Be7 19. Be3 bxa3 20. bxa3 Na5 21. Nb6 Nxb6 22. Qxa5 Nc4 23. Qxc7 Rxc7 24. Bd4 Rdc8 25. c3 Nxa3 26. Ra2 Nb5 27. Rb1 Na3 28. Rb3 Nc4 29. Kg3 Ra8 30. Nc1 a5 31. Bf1 a4 32. Rb1 Bc6 33. Nd3 Bd7 34. Be2 g5 35. Bd1 gxf4+ 36. Kxf4 a3 37. Nb4 h6 38. Kg3 Bg5 39. Rba1 Be3 40. Be2 Bxd4 41. cxd4 Rb7 42. Nd3 Rb3 43. Kf2 Bc6 44. h4 Kg7 45. Nf4 Rc3 46. Nh5+ Kf8 47. Nf6 Rb3 48. g5 hxg5 49. h5 Kg7 50. Rh1 Rb2 51. h6+ Kh8 52. Rxb2 axb2 53. Bd3 Nd2 54. Rd1 Ne4+ 55. Bxe4 dxe4 56. Rb1 Rb8 57. Ke3 Bd5 0-1

[Event "CZE-ch (Women)"]
[Site "Prague"]
[Date "2019.06.17"]
[Round "3"]
[White "Pychova, Nela"]
[Black "Miturova, Magdalena"]
[Result "1/2-1/2"]
[WhiteElo "2174"]
[BlackElo "2220"]
[PlyCount "153"]
[EventDate "2019.06.15"]
[EventType "tourn"]
[EventRounds "9"]
[EventCountry "CZE"]
[SourceTitle "CBM 191 Extra"]
[Source "ChessBase"]
[SourceDate "2019.09.30"]
[SourceVersion "1"]
[SourceVersionDate "2019.09.30"]
[SourceQuality "1"]

1. c4 e5 2. Nc3 Nf6 3. g3 d5 4. cxd5 Nxd5 5. Bg2 Nb6 6. Nf3 Nc6 7. 0-0 Be7 8. d3 0-0 9. a3 Be6 10. b4 f6 11. Bb2 a5 12. b5 Nd4 13. Nxd4 exd4 14. Na4 Bd5 15. Nxb6 cxb6 16. Bxd5+ Qxd5 17. Qa4 Bc5 18. Rac1 Qd6 19. Rc4 Rad8 20. Rfc1 f5 21. Qd1 f4 22. Qf1 Qe6 23. Re1 fxg3 24. hxg3 Rf5 25. Qg2 Re5 26. Qf1 h5 27. Bc1 Re8 28. Bf4 Rxe2 29. Rxe2 Qxe2 30. Qxe2 Rxe2 31. Kf1 Rb2 32. a4 Kf7 33. Bc1 Ra2 34. Kg2 Ke6 35. g4 h4 36. Bg5 h3+ 37. Kxh3 Rxf2 38. Kg3 Rb2 39. Kf3 Kd5 40. Rc1 Ra2 41. Rc4 Rb2 42. Rc1 Rb3 43. Ke2 Rb4 44. Ra1 Rb2+ 45. Kf3 Bb4 46. Bf4 Rb3 47. Ke2 Bc3 48. Rh1 Ra3 49. Rh7 Rxa4 50. Rxg7 Ra1 51. Rg5+ Ke6 52. Rg6+ Kf7 53. Rxb6 Re1+ 54. Kf3 Re7 55. g5 Bb4 56. g6+ Kg8 57. Bg5 Rd7 58. Bf6 Be7 59. Be5 Bf8 60. Re6 Rd8 61. Bf6 Ra8 62. Bxd4 Bg7 63. Bxg7 Kxg7 64. Re7+ Kxg6 65. Rxb7 Kf5 66. b6 a4 67. Ra7 Rb8 68. Rxa4 Rxb6 69. Ra5+ Ke6 70. Ke4 Kd7 71. d4 Re6+ 72. Kd3 Rc6 73. Rh5 Rg6 74. Kc4 Rc6+ 75. Kd3 Rg6 76. d5 Kd6 77. Kd4 1/2-1/2

[Event "CZE-ch (Women)"]
[Site "Prague"]
[Date "2019.06.15"]
[Round "1"]
[White "Rodshtein, Tereza"]
[Black "Pychova, Nela"]
[Result "0-1"]
[WhiteElo "2213"]
[BlackElo "2174"]
[PlyCount "84"]
[EventDate "2019.06.15"]
[EventType "tourn"]
[EventRounds "9"]
[EventCountry "CZE"]
[SourceTitle "CBM 191 Extra"]
[Source "ChessBase"]
[SourceDate "2019.09.30"]
[SourceVersion "1"]
[SourceVersionDate "2019.09.30"]
[SourceQuality "1"]

1. e4 e5 2. Nf3 Nf6 3. Nxe5 d6 4. Nf3 Nxe4 5. Nc3 Nxc3 6. dxc3 Be7 7. Be3 Nc6 8. Qd2 Be6 9. 0-0-0 Qd7 10. Kb1 a6 11. h3 0-0-0 12. g4 Ne5 13. Be2 Nc4 14. Bxc4 Bxc4 15. Qd4 Qc6 16. Nd2 Bd5 17. Rhe1 Bf6 18. Qd3 h6 19. Bd4 Bxd4 20. cxd4 b5 21. b3 Qb7 22. Ka1 b4 23. Re3 Qb5 24. Nc4 Rhe8 25. Rde1 Re6 26. Rxe6 fxe6 27. c3 Rf8 28. cxb4 Qxb4 29. Re2 Rf3 30. Ne3 Bb7 31. Kb2 Rxh3 32. a3 Qb5 33. Qc2 Be4 34. Qxe4 Qxe2+ 35. Kc3 Qe1+ 36. Kb2 Qxf2+ 37. Nc2 Rh2 38. Qxe6+ Kb7 39. Qe4+ Kb6 40. Kc3 Qxc2+ 41. Qxc2 Rxc2+ 42. Kxc2 Kc6 0-1

[Event "Mitropa Cup (Women)"]
[Site "Radenci"]
[Date "2019.06.01"]
[Round "6.1"]
[White "Pychova, Nela"]
[Black "Medic, Mirjana"]
[Result "1/2-1/2"]
[WhiteElo "2174"]
[BlackElo "2244"]
[PlyCount "124"]
[EventDate "2019.05.27"]
[EventType "team-tourn"]
[EventRounds "9"]
[EventCountry "SLO"]
[SourceTitle "CBM 190 Extra"]
[Source "ChessBase"]
[SourceDate "2019.07.15"]
[SourceVersion "1"]
[SourceVersionDate "2019.07.15"]
[SourceQuality "1"]
[WhiteTeam "Czech Republic (W)"]
[BlackTeam "Croatia (W)"]
[WhiteTeamCountry "CZE"]
[BlackTeamCountry "CRO"]

1. Nf3 Nf6 2. g3 b6 3. Bg2 Bb7 4. c4 e6 5. b3 Be7 6. Bb2 0-0 7. 0-0 c5 8. Nc3 d5 9. cxd5 exd5 10. d4 Nbd7 11. dxc5 Nxc5 12. Nd4 Qd7 13. Rc1 Rfd8 14. Qc2 Rac8 15. Qf5 Ne6 16. Nxe6 fxe6 17. Qe5 Bd6 18. Qg5 e5 19. Rfd1 d4 20. Bxb7 Qxb7 21. Nb5 Rxc1 22. Rxc1 Bb8 23. Qf5 Re8 24. Ba3 a6 25. Nd6 Bxd6 26. Bxd6 Qd5 27. Bb4 a5 28. Ba3 Qe6 29. Qxe6+ Rxe6 30. Rc8+ Ne8 31. h4 Kf7 32. Kf1 Kg6 33. Rd8 h5 34. Rd7 Kf5 35. Bf8 g5 36. hxg5 Kxg5 37. Be7+ Kg6 38. Bd8 Nf6 39. Rb7 Nd5 40. Ke1 Rd6 41. Rb8 e4 42. Bh4 Nc3 43. Rd8 Rxd8 44. Bxd8 Nd5 45. Kd2 Kf5 46. f3 Ke5 47. fxe4 Kxe4 48. a4 Ke5 49. Kd3 Nb4+ 50. Kc4 Nd5 51. Kd3 Nb4+ 52. Kd2 Nd5 53. Bg5 Kf5 54. Bh6 Ke4 55. Bf8 Nc3 56. Bg7 Nd5 57. Bf8 Nc3 58. Bg7 Nd5 59. Bh6 Nc3 60. e3 Nd5 61. exd4 Kxd4 62. Bg7+ Kc5 1/2-1/2

[Event "Mitropa Cup (Women)"]
[Site "Radenci"]
[Date "2019.05.30"]
[Round "4.1"]
[White "Motycakova, Monika"]
[Black "Pychova, Nela"]
[Result "1/2-1/2"]
[WhiteElo "2150"]
[BlackElo "2174"]
[PlyCount "83"]
[EventDate "2019.05.27"]
[EventType "team-tourn"]
[EventRounds "9"]
[EventCountry "SLO"]
[SourceTitle "CBM 190 Extra"]
[Source "ChessBase"]
[SourceDate "2019.07.15"]
[SourceVersion "1"]
[SourceVersionDate "2019.07.15"]
[SourceQuality "1"]
[WhiteTeam "Slovakia (W)"]
[BlackTeam "Czech Republic (W)"]
[WhiteTeamCountry "SVK"]
[BlackTeamCountry "CZE"]

1. e4 e5 2. Nf3 Nf6 3. Nxe5 d6 4. Nf3 Nxe4 5. d4 d5 6. Bd3 Bf5 7. 0-0 Be7 8. Re1 0-0 9. c4 Nc6 10. Nc3 Nxc3 11. bxc3 Bxd3 12. Qxd3 dxc4 13. Qxc4 Na5 14. Qb5 c6 15. Qh5 Nc4 16. a4 Bf6 17. Bf4 Nb6 18. Be5 Nd5 19. c4 Bxe5 20. Rxe5 Nf6 21. Qh4 Re8 22. Rae1 Rxe5 23. dxe5 Ne8 24. Qh5 Qe7 25. h3 Rd8 26. Re4 g6 27. Qh6 Qf8 28. Qh4 Rd1+ 29. Kh2 Nc7 30. Qg4 Ne6 31. Nd4 Rxd4 32. Rxd4 Nxd4 33. Qxd4 Qe7 34. f4 b6 35. Qe4 Qe6 36. Qd4 Qe7 37. Qe4 Qd7 38. Kg3 Kf8 39. Qe3 c5 40. a5 Ke7 41. axb6 axb6 42. Qb3 1/2-1/2